載入...

System based low cost production technologies for small farmers

書目詳細資料
主要作者: Gasngwar, B
其他作者: Yadav, R L
格式: Printed Book
出版: Meerut Project Directorate for Cropping Systems Research(I C A R) 2001
LEADER 00559nam a22001577a 4500
003 OSt
999 |c 191512  |d 191512 
082 |a 630.92  |b GAN/SY 
100 |a Gasngwar, B 
245 |a System based low cost production technologies for small farmers 
260 |a Meerut  |b Project Directorate for Cropping Systems Research(I C A R)  |c 2001 
300 |a 369p. 
546 |a English 
700 |a Yadav, R L 
942 |2 ddc  |c BK 
952 |0 0  |1 0  |2 ddc  |4 0  |6 630_920000000000000_GAN_SY  |7 0  |8 Gen  |9 197994  |a KAUCLV  |b KAUCLV  |c GENERAL  |d 2019-08-13  |o 630.92 GAN/SY  |p 807602  |r 2019-08-13  |w 2019-08-13  |y BK